[Event "FRA-ch op"]
[Site "Nimes"]
[Date "2014.08.21"]
[Round "3"]
[White "Ulles, Jean Clement"]
[Black "Fischer, Thorange"]
[Result "1-0"]
[WhiteElo "1473"]
[BlackElo "1386"]
[PlyCount "103"]
[EventDate "2014.08.17"]
[EventType "swiss"]
[EventRounds "11"]
[EventCountry "FRA"]
[SourceTitle "EXT 2015"]
[Source "ChessBase"]
[SourceDate "2014.11.20"]
[SourceVersion "1"]
[SourceVersionDate "2014.11.20"]
[SourceQuality "1"]

1. d4 Nf6 2. Nf3 g6 3. Nc3 Bg7 4. e4 d6 5. Be3 0-0 6. Qd2 Ng4 7. Bg5 f6 8. Bh4 Bh6 9. Qd3 f5 10. h3 Nf6 11. e5 Ne4 12. Be2 Nxc3 13. Qxc3 Nc6 14. Bc4+ d5 15. Bb3 Be6 16. Ng5 Bxg5 17. Bxg5 a6 18. Bh6 Rf7 19. h4 f4 20. h5 Bf5 21. hxg6 Bxg6 22. 0-0-0 a5 23. a3 a4 24. Ba2 Qd7 25. Qc5 Ra5 26. Qc3 Qf5 27. Rh4 e6 28. Bb1 Qe4 29. g3 Qe2 30. Rxf4 Rxf4 31. gxf4 Qxf2 32. Qd2 Qg3 33. Bg5 Ra8 34. c3 Bxb1 35. Kxb1 Qg4 36. Qc1 Kf7 37. Qc2 Qf5 38. Qxf5+ exf5 39. Rh1 Kg6 40. Rh6+ Kg7 41. Rf6 Ne7 42. Kc2 Ng8 43. Rxf5 Kg6 44. Rf6+ Nxf6 45. Bxf6 Kf5 46. Bg5 Ra6 47. Kd3 h6 48. Bd8 c6 49. Bc7 Kxf4 50. e6+ Kf5 51. e7 Ra8 52. Bd8 1-0